Serie A Player of the Month - 2020-2021 - Statistics

Statistiche generali
  • Questo quiz è stato fatto 40 volte
  • Il punteggio medio è 8 su 9
Statistiche sulle risposte
Mese Nazione Squadra Calciatore % Corretto
Novembre Portogallo Juventus Cristiano Ronaldo
100%
Febbraio Belgio Inter Romelu Lukaku
100%
Ottobre Svezia Milan Zlatan Ibrahimović
97%
Gennaio Serbia Lazio Sergej Milinković-Savić
95%
Marzo Italia Napoli Lorenzo Insigne
92%
Aprile Colombia Atalanta Luis Muriel
92%
Maggio Ucraina Atalanta Ruslan Malinovs'kyj
89%
Dicembre Turchia Milan Hakan Çalhanoğlu
87%
Settembre Argentina Atalanta Alejandro Gómez
84%
Nessun quiz corrispondente trovato
Distribuzione punteggi
Percentuale di utenti per punteggio
Percentile per numero di risposta
I tuoi punteggi nel tempo
Non hai fatto questo quiz